000 00462nam a2200145Ia 4500
008 170221s9999 xx 000 0 und d
100 _aGanesh Prasad Neupane
245 _aHeuristics as an Aid to Inter-organizational Value Creation
245 _cGanesh Prasad Neupane
260 _bInternational Review of Management and Marketing
260 _cAugust 2016
300 _a5:3
650 _xMarketing.
856 _uhttp://www.econjournals.com/index.php/irmm
999 _c309926
_d309926